000 01023nam a22002417a 4500
005 20240305165528.0
007 cr|||| ||||
008 190815s2013 pe |||||s|||| 00||0 spa d
020 _a978-612-4047-97-8
035 _a24068
040 _avLex
090 _c9200
_d9200
100 1 _aPino, Giorgio
245 1 0 _aDerechos fundamentales, conflictos y ponderación
_h[Recurso electrónico] /
_cGiorgio Pino
256 _aServicio en línea
260 _aLima:
_bPalestra Editores,
_c2013
300 _a1 recurso electrónico
506 1 _aDisponible solo en los productos indicados
_dvLex Global
_dvLex Global (Academic Edition, excluding Law Schools)
_dvLex Global (U.S. Academic Edition, Law Schools)
_dvLex Global (U.S. Academic Edition, excluding Law Schools)
_dvLex Global (Academic Edition, Law Schools)
650 0 4 _aDerecho Internacional
_zPerú
740 0 _avLex Libros (Servicio en línea)
856 4 0 _uhttps://app.vlex.com/#/sources/derechos-fundamentales-conflictos-ponderacion-24068
942 _cRAA
999 _c167437
_d167437